1431 1547 1367 1214 1049 1660 1712 1725 1786 1713 1380 1006 1274 1863 1093 1000 1355 1663 1599 1788 1378 1063 1349 1628 1127 1828 1966 1082 1674 1434 1565 1291 1983 1642 1831 1229 1877 1300 1080 1360 1269 1714 1022 1475 1742 1464 1344 1227 1709 1908 1298 1750 1428 1401 1978 1715 1950 1482 1225 1669 1867 1274 1888 1537 1369 1136 1581 1843 1936 1518 1004 1159 1662 1927 1598 1855 1728 1675 1630 1212 1656 1667 1235 1246 1754 1083 1998 1713 1884 1547 1234 1947 1531 1578 1833 1159 1140 1726 1336 BCNSPRNW ULIB Ver.6.0+V

เปลี่ยนเป็นภาษาไทย

Change to English
 แสดงรายละเอียดบรรณานุกรม
  กลับหน้าหลัก

Brief Record : Get Marc (ISO 2709) : E-mail record : QR code < ปิดหน้าต่าง
LEADER : 00000nam 2200000uu 4500
001    13399124276
003     ULIB
008    150216s2557 000 0 tha d d
020    ^a9789740331766
060  4 ^aWB2541^bส191ก
100 0  ^aสนธยา สีละมาด
245 10 ^aกิจกรรมทางกายเพื่อสุขภาวะ /^cสนธยา สีละมาด
246 0  ^aPhysical activities for wellness
250    ^aพิมพ์ครั้งที่ 1
260    ^aกรุงเทพฯ : ^bสำนักพิมพ์แห่งจุฬาลงกรณ์มหาวิทยาลัย, ^c2557.
300    ^a436 หน้า : ^bภาพประกอบ
650  7 ^aการออกกำลังกาย
945    ^p270^l0^i039233
945    ^p270^l0^i039234
945    ^p270^l0^i039235
945    ^p270^l0^i039236
945    ^p270^l0^i039237
999    ^aทศพร
รายการนี้ยังไม่มีแท็ก
คุณยังไม่ได้ล็อกอิน คุณสามารถมีกิจกรรมร่วมกับเว็บไซต์ได้ แต่ต้องล็อกอินก่อน ::
  ล็อกอิน

รายการสื่อสารสนเทศ

ลำดับที่ ประเภท เลขเรียก/บาร์โค้ด สถานที่ สถานะ
1. วิทยาศาสตร์การแพทย์ และสุขภาพ
วิทยาศาสตร์การแพทย์ และสุขภาพ
สถานะ=หนังสือเก่า
WB2541 ส191ก ฉ.1 
  Barcode: 039233
ห้องสมุดวิทยาเขตสวรรค์ประชารักษ์
►ส่วนจัดเก็บหนังสือเก่า สปร
บนชั้น
  ขอยืม
2. วิทยาศาสตร์การแพทย์ และสุขภาพ
วิทยาศาสตร์การแพทย์ และสุขภาพ
สถานะ=หนังสือเก่า
WB2541 ส191ก ฉ.2 
  Barcode: 039234
ห้องสมุดวิทยาเขตสวรรค์ประชารักษ์
►ส่วนจัดเก็บหนังสือเก่า สปร
บนชั้น
  ขอยืม
3. วิทยาศาสตร์การแพทย์ และสุขภาพ
วิทยาศาสตร์การแพทย์ และสุขภาพ
สถานะ=หนังสือเก่า
WB2541 ส191ก ฉ.3 
  Barcode: 039235
ห้องสมุดวิทยาเขตสวรรค์ประชารักษ์
►ส่วนจัดเก็บหนังสือเก่า สปร
บนชั้น
  ขอยืม
4. วิทยาศาสตร์การแพทย์ และสุขภาพ
วิทยาศาสตร์การแพทย์ และสุขภาพ
สถานะ=หนังสือเก่า
WB2541 ส191ก ฉ.4 
  Barcode: 039236
ห้องสมุดวิทยาเขตสวรรค์ประชารักษ์
►ส่วนจัดเก็บหนังสือเก่า สปร
บนชั้น
  ขอยืม
5. วิทยาศาสตร์การแพทย์ และสุขภาพ
วิทยาศาสตร์การแพทย์ และสุขภาพ
สถานะ=หนังสือเก่า
WB2541 ส191ก ฉ.5 
  Barcode: 039237
ห้องสมุดวิทยาเขตสวรรค์ประชารักษ์
►ส่วนจัดเก็บหนังสือเก่า สปร
บนชั้น
  ขอยืม

รายการใกล้เคียง
    ผู้แต่ง [สนธยา สีละมาด]

    หัวเรื่อง [การออกกำลังกาย]

BibComment


ยังไม่เคยถูกคอมเมนท์

คอมเมนท์ทรัพยากรรายการนี้
  คอมเมนท์: กิจกรรมทางกายเพื..


 Copyright 2026. Bcnsprnw @Library